Vista normal
Vista MARC
Entrada Topical Term
Número de registros utilizados en: 1
001 - CONTROL NUMBER
- control field: 10512
003 - CONTROL NUMBER IDENTIFIER
- control field: OSt
005 - DATE AND TIME OF LATEST TRANSACTION
- control field: 20200918125115.0
008 - FIXED-LENGTH DATA ELEMENTS
- fixed length control field: 200918|| aca||aabn | a|a d
040 ## - CATALOGING SOURCE
- Original cataloging agency: OSt
- Transcribing agency: OSt
150 ## - HEADING--TOPICAL TERM
- Topical term or geographic name entry element: Cauca
- Geographic subdivision: Provincia (Colombia)
670 ## - SOURCE DATA FOUND
- Source citation: Work cat.: (OSt)6220: Comisión Corografica bajo la dirección de Agustin Codazzi 10497, Jeografia física I política de las provincias de la nueva granada : , 1959